Представление документа в формате MARC21

ПолеНазваниеЗначение
  Тип записи a
  Библиографический уровень m
001 Контрольный номер RU\infra-m\znanium\bibl\2233075
005 Дата корректировки 20260429142109.1
008 Кодируемые данные 251107s2025 RU g rus u
020 Индекс ISBN __
a ISBN 978-5-9275-4779-1
040 Источник каталогиз. __
a Служба первич. каталог. Общество с ограниченной ответственностью «ЗНАНИУМ»
041 Код языка издания __
a Код языка текста rus
044 Код страны публикации __
a Код страны публикации RU
080 Индекс УДК __
a Индекс УДК 330
080 Индекс УДК __
a Индекс УДК 94
084 Индекс другой классификации/Индекс ББК __
2 Источник индекса rubbk
a Индекс другой классификации/Индекс ББК 60
084 Индекс другой классификации/Индекс ББК __
2 Источник индекса rubbk
a Индекс другой классификации/Индекс ББК 633
084 Индекс другой классификации/Индекс ББК __
2 Источник индекса okso
a Индекс другой классификации/Индекс ББК 46.03.01
084 Индекс другой классификации/Индекс ББК __
2 Источник индекса okso
a Индекс другой классификации/Индекс ББК 46.04.01
100 Автор __
a Автор Максименко М.А.
q Полное имя Максименко Марина Андреевна
u Дополнение Южный федеральный университет
245 Заглавие __
a Заглавие Формирование потребностей шотландского среднего класса в эпоху индустриальной революции в середине 1820–1870-х гг.
b Продолж. заглавия Монография
c Ответственность Южный федеральный университет
250 Сведения об издании __
a Основные сведения об издании 1
260 Выходные данные __
a Место издания Ростов-на-Дону
b Издательство Издательство Южного федерального университета (ЮФУ)
c Дата издания 2025
300 Физическое описание __
a Объем 258 с.
520 Аннотация __
a Аннотация Тема изменений в повседневной жизни человека с приходом технологий всегда волновала исследователей. Шотландский средний класс является интересным примером пережитых трансформаций. Книга посвящена изучению его потребностей в эпоху индустриальной революции в середине 1820-1870-х гг. Автор не только дает определение такой сложной дефиниции как «средний класс» но и раскрывает наиболее яркие стороны его жизни - политическое участие в жизни государства особенности морали и веры образования досуга жилищных условий кулинарии и одежды. Для всех кто увлекается историей Шотландии.
521 Примеч. о цел. назн. __
a Примеч. о целев. назн. Дополнительное профессиональное образование
650 Тематические рубрики __
a Основная рубрика История. Исторические науки
x Основная подрубрика История Нового времени (середина XVII - начало XX вв)
655 Указ. предметных рубрик (устаревшее) __
a Жанр/ форма (устаревшее) Монография
856 Электронный адрес документа 4_
a Имя сервера/домена znanium.ru
m Помощь ebs_support@infra-m.ru
n Местонахождение сервера НИЦ ИНФРА-М
u URL https://znanium.ru/catalog/document?id=472331
856 Электронный адрес документа 48
a Имя сервера/домена znanium.ru
d Путь /cover/2233
f Электронное имя 2233075.jpg
q Тип электронного формата image/jpeg
u URL https://znanium.ru/cover/2233/2233075.jpg
911 __
u 0030=https://znanium.ru/catalog/document?id=472331